Landlord insolvency - a tenant's guide (Record no. 83937)

MARC details
000 -LEADER
fixed length control field 00795cab a22002175a 4500
001 - CONTROL NUMBER
control field L155972
008 - FIXED-LENGTH DATA ELEMENTS--GENERAL INFORMATION
fixed length control field 120424e20120331xxk 000 0 eng d
035 ## - SYSTEM CONTROL NUMBER
System control number (Sirsi) u155972
041 0# - LANGUAGE CODE
Language code of text/sound track or separate title eng
100 1# - MAIN ENTRY--PERSONAL NAME
Personal name Billing, Petra
245 00 - TITLE STATEMENT
Title Landlord insolvency - a tenant's guide
260 ## - PUBLICATION, DISTRIBUTION, ETC.
Date of publication, distribution, etc. 2012
490 ## - SERIES STATEMENT
Series statement Estates Gazette
Volume/sequential designation (1213) 31 March 2012, 88(1)
520 ## - SUMMARY, ETC.
Summary, etc. Advice for tenants when a landlord gets into financial difficulty. Argues that tenants will rarely find their leases of help in such as situation and they instead need to understand the various parts of the general law affecting their position.
590 ## - LOCAL NOTE (RLIN)
Local note KA
651 #4 - SUBJECT ADDED ENTRY--GEOGRAPHIC NAME
Geographic name England and Wales
Chronological subdivision 1543-
690 ## - LOCAL SUBJECT ADDED ENTRY--TOPICAL TERM (OCLC, RLIN)
Topical term or geographic name as entry element Landlord and tenant
9 (RLIN) 6252
690 ## - LOCAL SUBJECT ADDED ENTRY--TOPICAL TERM (OCLC, RLIN)
Topical term or geographic name as entry element Insolvency
9 (RLIN) 6247
700 1# - ADDED ENTRY--PERSONAL NAME
Personal name Redman, Nicholas
942 ## - ADDED ENTRY ELEMENTS (KOHA)
Suppress in OPAC 0
Holdings
Withdrawn status Lost status Source of classification or shelving scheme Damaged status Not for loan Home library Current library Shelving location Date acquired Total Checkouts Full call number Barcode Date last seen Copy number Price effective from Koha item type
    Dewey Decimal Classification     London London Journal article 24/04/2012   L155972 155972-1001 06/08/2019 1 06/08/2019 Journal article